BSI structural Eurocodes companion (Record no. 112326)

MARC details
000 -LEADER
fixed length control field 00684cad a22001815a 4500
001 - CONTROL NUMBER
control field E153015
008 - FIXED-LENGTH DATA ELEMENTS--GENERAL INFORMATION
fixed length control field 110523s2009 xxk f 000 0 eng d
035 ## - SYSTEM CONTROL NUMBER
System control number (Sirsi) u153015
041 0# - LANGUAGE CODE
Language code of text/sound track or separate title eng
110 2# - MAIN ENTRY--CORPORATE NAME
Corporate name or jurisdiction name as entry element British Standards Institution
9 (RLIN) 130
245 00 - TITLE STATEMENT
Title BSI structural Eurocodes companion
Medium [electronic resource]
260 ## - PUBLICATION, DISTRIBUTION, ETC.
Place of publication, distribution, etc. London
Name of publisher, distributor, etc. BSI
Date of publication, distribution, etc. [2009]
520 ## - SUMMARY, ETC.
Summary, etc. Provides information on the introduction of Eurocodes, including their structure, role and benefits.
651 #4 - SUBJECT ADDED ENTRY--GEOGRAPHIC NAME
Geographic name United Kingdom
Chronological subdivision
690 ## - LOCAL SUBJECT ADDED ENTRY--TOPICAL TERM (OCLC, RLIN)
Topical term or geographic name as entry element BUILT ENVIRONMENT-BUILDING STANDARDS
856 40 - ELECTRONIC LOCATION AND ACCESS
Uniform Resource Identifier <a href="https://shop.bsigroup.com/en/Browse-by-Subject/Eurocodes/The-BSI-Companion-to-the-Structural-Eurocodes/">https://shop.bsigroup.com/en/Browse-by-Subject/Eurocodes/The-BSI-Companion-to-the-Structural-Eurocodes/</a>
942 ## - ADDED ENTRY ELEMENTS (KOHA)
Suppress in OPAC 0
Holdings
Withdrawn status Lost status Source of classification or shelving scheme Damaged status Not for loan Home library Current library Shelving location Date acquired Total Checkouts Full call number Barcode Date last seen Copy number Price effective from Koha item type
    Dewey Decimal Classification     Virtual Virtual Online 23/05/2011   ONLINE PUBLICATION 153015-2001 06/08/2019 1 06/08/2019 Book